Countries With Only Two N's - Statistics

General Stats
  • This quiz has been taken 74 times
  • The average score is 12 of 22
Answer Stats
Country % Correct
Afghanistan
80%
United Kingdom
80%
New Zealand
77%
Netherlands
75%
Indonesia
74%
Turkmenistan
66%
Finland
65%
Argentina
63%
Solomon Islands
58%
Antigua and Barbuda
54%
Montenegro
54%
Tanzania
54%
Liechtenstein
52%
North Macedonia
52%
Dominican Republic
49%
Trinidad and Tobago
49%
Papua New Guinea
46%
San Marino
45%
Benin
43%
Central African Republic
43%
Sao Tome and Principe
34%
Lebanon
31%
No matching quizzes found
Score Distribution
Percent of People with Each Score
Percentile by Number Answered
Your Score History
You have not taken this quiz